| 000 | 01094nam a2200301 i 4500 | ||
|---|---|---|---|
| 001 | bg | ||
| 245 | 0 | 0 |
_aSpołeczno-gospodarcze i przyrodnicze aspekty ładu przestrzennego / _cpod red. Zbigniewa Zioło i Tadeusza Ślęzaka. |
| 260 |
_aWarszawa : _bPAN. KPZK, _c2003. |
||
| 300 |
_a289, [1] s. : _brys. ; _c21 cm. |
||
| 490 | 1 |
_aBiuletyn / Polska Akademia Nauk. Komitet Przestrzennego Zagospodarowania Kraju, _x0079-3493 ; _vz.205 |
|
| 500 | _aStreszcz. ang. | ||
| 504 | _aBibliogr przy rozdz. | ||
| 650 | 9 |
_aPlanowanie przestrzenne _xzagadnienia |
|
| 650 | 9 | _aPlanowanie regionalne | |
| 650 | 9 | _aGospodarka terenowa | |
| 650 | 9 |
_aKrajobraz _xochrona |
|
| 650 | 9 |
_aŚrodowisko człowieka _xhigiena i ochrona |
|
| 700 | 1 |
_aŚLĘZAK, Tadeusz. _eRed. |
|
| 700 | 1 |
_aZIOŁO, Zbigniew. _eRed. |
|
| 830 | 0 |
_aBiuletyn (Polska Akademia Nauk. Komitet Przestrzennego Zagospodarowania Kraju) ; _vz.205 |
|
| 020 | _a8391737748 | ||
| 040 | _cBPK | ||
| 041 | 0 |
_apol _beng |
|
| 080 | _a332.1:711.2:504.03 | ||
| 920 | _a83-917377-4-8 | ||
| 942 | _cKS | ||
| 008 | s pl f |000 0 pol | ||
| 999 |
_c43137 _d43137 |
||
| 856 |
_uhttp://koha.tu.koszalin.pl/cgi-bin/koha/opac-detail.pl?biblionumber=43137 _yKatalog online BPK |
||